<?xml version="1.0" encoding="UTF-8"?><?xml-stylesheet type="text/xsl" href="static/style.xsl"?><OAI-PMH xmlns="http://www.openarchives.org/OAI/2.0/" xmlns:xsi="http://www.w3.org/2001/XMLSchema-instance" xsi:schemaLocation="http://www.openarchives.org/OAI/2.0/ http://www.openarchives.org/OAI/2.0/OAI-PMH.xsd"><responseDate>2026-04-17T17:18:54Z</responseDate><request verb="GetRecord" identifier="oai:www.recercat.cat:2072/484262" metadataPrefix="marc">https://recercat.cat/oai/request</request><GetRecord><record><header><identifier>oai:recercat.cat:2072/484262</identifier><datestamp>2025-08-31T18:12:00Z</datestamp><setSpec>com_2072_98</setSpec><setSpec>col_2072_378192</setSpec></header><metadata><record xmlns="http://www.loc.gov/MARC21/slim" xmlns:dcterms="http://purl.org/dc/terms/" xmlns:xsi="http://www.w3.org/2001/XMLSchema-instance" xmlns:doc="http://www.lyncode.com/xoai" xsi:schemaLocation="http://www.loc.gov/MARC21/slim http://www.loc.gov/standards/marcxml/schema/MARC21slim.xsd">
   <leader>00925njm 22002777a 4500</leader>
   <datafield ind2=" " ind1=" " tag="042">
      <subfield code="a">dc</subfield>
   </datafield>
   <datafield ind2=" " ind1=" " tag="720">
      <subfield code="a">Paoliello, Antonio</subfield>
      <subfield code="e">author</subfield>
   </datafield>
   <datafield ind2=" " ind1=" " tag="260">
      <subfield code="c">2025</subfield>
   </datafield>
   <datafield ind2=" " ind1=" " tag="520">
      <subfield code="a">En este artículo, tras introducir la situación de las lenguas siníticas de Singapur y la campaña de mandarinización llevada a cabo por el Estado, me centraré en un producto cultural típicamente singapurense, las xinyao, canciones en mandarín escritas e interpretadas en su mayoría por jóvenes estudiantes entre finales de la década de 1970 y principios de la de 1990 y consideradas una importante expresión de la sinofonía local. Mediante el análisis de algunas de las letras, demostraré como, a pesar de ser consecuencia de la política de promoción del mandarín, también representan un sitio de resistencia a la homogeneización lingüística y a la invisibilización de lenguas como el cantonés y el hokkien, tradicionalmente habladas por la población sinosingapurense.</subfield>
   </datafield>
   <datafield ind2=" " ind1=" " tag="520">
      <subfield code="a">In this article, after introducing the situation of Singapore's Sinitic languages and the state's recurrent campaigns of Mandarinization, I will focus on a typically Singaporean cultural product: the xinyao-Mandarin songs written and performed mostly by young students between the late 1970s and the early 1990s and considered an important expression of local Sinophone culture. By analyzing some of the lyrics, I will demonstrate how, despite being a consequence of the policies aimed at promoting Mandarin, they also represent a site of resistance to linguistic homogenization and to the invisibility of languages such as Can-tonese and Hokkien, traditionally spoken by the Sino-Singaporean population.</subfield>
   </datafield>
   <datafield tag="653" ind2=" " ind1=" ">
      <subfield code="a">Sinofonía</subfield>
   </datafield>
   <datafield tag="653" ind2=" " ind1=" ">
      <subfield code="a">Música pop</subfield>
   </datafield>
   <datafield tag="653" ind2=" " ind1=" ">
      <subfield code="a">Lenguas siníticas</subfield>
   </datafield>
   <datafield tag="653" ind2=" " ind1=" ">
      <subfield code="a">Resistencia lingüística</subfield>
   </datafield>
   <datafield tag="653" ind2=" " ind1=" ">
      <subfield code="a">Mandarín</subfield>
   </datafield>
   <datafield tag="653" ind2=" " ind1=" ">
      <subfield code="a">Sinophone</subfield>
   </datafield>
   <datafield tag="653" ind2=" " ind1=" ">
      <subfield code="a">Pop music</subfield>
   </datafield>
   <datafield tag="653" ind2=" " ind1=" ">
      <subfield code="a">Sinitic languages</subfield>
   </datafield>
   <datafield tag="653" ind2=" " ind1=" ">
      <subfield code="a">Linguistic resistance</subfield>
   </datafield>
   <datafield tag="653" ind2=" " ind1=" ">
      <subfield code="a">Mandarin</subfield>
   </datafield>
   <datafield ind2="0" ind1="0" tag="245">
      <subfield code="a">Cantando Singapur: el fenómeno de las xinyao, entre mandarinización y resistencia</subfield>
   </datafield>
</record></metadata></record></GetRecord></OAI-PMH>